000 00755nam a2200229 a 4500
001 BRL_445
005 20190320210739.0
008 130813s1959----enka######---#000-0#eng-#
041 _aeng
044 _aenk
050 4 _aF3319.1.T55
_b.B45 1959
100 1 _aBellamy, Hans Schindler,
_d1901-
_923939
245 1 0 _aThe Great Idol of Tiahuanaco
_bAn interpretation in tthe Light of the Hoerbiger Theory of Satellites of the Glyphs carvedon its surface
_cby H.S. Bellamy and P. Allan
260 _aLondon
_bFaber and Faber
_c1959
300 _a192 p.
_bil.
_c23 p.
500 _aAu467
500 _aBibliografía: p. 190
651 4 _aTiahuanacu, Bolivia
_xAntigüedades
_923940
700 1 _aAllan, Peter
_d1898-
_923941
902 _aGRL
942 _2lcc
_cB
999 _c9257
_d9257